Характеристики электронного пучка и поля тормозного излучения при использовании сверхтонких мишеней в бетатроне; 17 совещание по ускорителям заряженных частиц, Протвино, 17-20 октября 2000 г.; Т. 2
| Parent link: | 17 совещание по ускорителям заряженных частиц, Протвино, 17-20 октября 2000 г.: сборник докладов.— , 2000 Т. 2.— 2000.— С. 117-120 |
|---|---|
| Weitere Verfasser: | , , , |
| Zusammenfassung: | Исследован способ генерации тормозного излучения, когда ускоренный электронный пучок при сбросе многократно проходит через очень тонкую мишень. Результаты получены методом статистич. моделирования движения электронного пучка в ускорительной камере бетатрона на энергию 6 МэВ с учетом изменения во времени вихревого электромагн. поля. Представлены данные о динамике электронных орбит и характеристиках поля тормозного излучения в зависимости от положения мишени, ее вещества, толщины и поперечных размеров. В фонде НТБ ТПУ отсутствует |
| Sprache: | Russisch |
| Veröffentlicht: |
2000
|
| Schlagworte: | |
| Format: | MixedMaterials Buchkapitel |
| KOHA link: | https://koha.lib.tpu.ru/cgi-bin/koha/opac-detail.pl?biblionumber=599703 |
MARC
| LEADER | 00000naa0a2200000 4500 | ||
|---|---|---|---|
| 001 | 599703 | ||
| 005 | 20250620091457.0 | ||
| 035 | |a (RuTPU)RU\TPU\tpu\23834 | ||
| 035 | |a RU\TPU\tpu\23833 | ||
| 090 | |a 599703 | ||
| 100 | |a 20131028d2000 k||y0rusy50 ca | ||
| 101 | 0 | |a rus | |
| 102 | |a RU | ||
| 200 | 1 | |a Характеристики электронного пучка и поля тормозного излучения при использовании сверхтонких мишеней в бетатроне |f В. И. Беспалов [и др.] | |
| 330 | |a Исследован способ генерации тормозного излучения, когда ускоренный электронный пучок при сбросе многократно проходит через очень тонкую мишень. Результаты получены методом статистич. моделирования движения электронного пучка в ускорительной камере бетатрона на энергию 6 МэВ с учетом изменения во времени вихревого электромагн. поля. Представлены данные о динамике электронных орбит и характеристиках поля тормозного излучения в зависимости от положения мишени, ее вещества, толщины и поперечных размеров. | ||
| 333 | |a В фонде НТБ ТПУ отсутствует | ||
| 461 | |t 17 совещание по ускорителям заряженных частиц, Протвино, 17-20 октября 2000 г. |o сборник докладов |d 2000 | ||
| 463 | |t Т. 2 |v С. 117-120 |d 2000 | ||
| 610 | 1 | |a труды учёных ТПУ | |
| 701 | 1 | |a Беспалов |b В. И. |c физик |c доцент Томского политехнического университета, кандидат физико-математических наук |f 1946- |g Валерий Иванович |3 (RuTPU)RU\TPU\pers\26488 |4 070 | |
| 701 | 1 | |a Кашковский |b В. В. |c физик |c доцент Томского политехнического университета, кандидат технических наук |f 1945- |g Виктор Васильевич |3 (RuTPU)RU\TPU\pers\27084 |4 070 | |
| 701 | 1 | |a Богомазова |b Е. А. | |
| 701 | 1 | |a Чахлов |b В. Л. |c физик |c заслуженный деятель науки и техники Российской Федерации |c заслуженный профессор Томского политехнического университета, доктор технических наук |f 1934-2011 |g Владимир Лукьянович |3 (RuTPU)RU\TPU\pers\19882 |4 070 | |
| 801 | 1 | |a RU |b 63413507 |c 20131028 | |
| 801 | 2 | |a RU |b 63413507 |c 20131028 |g RCR | |
| 850 | |a 63413507 | ||
| 942 | |c BK | ||